| 000 | 01535nam a2200409 i 4500 | ||
|---|---|---|---|
| 001 | 000006078 | ||
| 003 | DO-SdBNP | ||
| 005 | 20250801133935.0 | ||
| 007 | ta | ||
| 008 | 090826s2001 dr 000 0 spa d | ||
| 020 | _a9993450014 | ||
| 040 |
_aDO-SdBNP _bspa _cBNPHU _erda |
||
| 041 | _aspa | ||
| 082 | 4 |
_a370.97293 _bC175e _222 |
|
| 245 | 0 | 0 |
_a¿Cambia la escuela? : _bprácticas educativas en la escuela dominicana / _cJosefina Zaiter... [et al.]; coordinadora, Cheila Valera. |
| 264 |
_aSanto Domingo, República Dominicana : _bFacultad Latinoamericana de Ciencias Sociales (FLACSO), _c2001 |
||
| 300 |
_a141 páginas ; _c23 cm. |
||
| 336 |
_atexto _btxt _2rdacontent |
||
| 337 |
_asin mediación _bn _2rdamedia |
||
| 338 |
_avolumen _bnc _2rdacarrier |
||
| 504 | _aBibliografía: páginas 141-142 | ||
| 590 | _aInventariado, 2018/VM | ||
| 650 | 4 |
_aReforma educativa _zRepública Dominicana _917110 |
|
| 650 | 4 |
_aCurrículo _zRepública Dominicana _917111 |
|
| 650 | 4 |
_aPlanes de estudio _917112 |
|
| 650 | 4 |
_aPlanificación educativa _zRepública Dominicana _917113 |
|
| 650 | 4 |
_aEvaluación curricular _917114 |
|
| 650 | 0 |
_aInnovaciones educativas _917115 |
|
| 700 | 1 | 2 |
_aZaiter, Josefina _987368 |
| 700 | 1 | 2 |
_aVargas, Thahira _91966 |
| 700 | 1 | 2 |
_aSantelises ,Alexandra _917116 |
| 700 | 1 | 2 |
_aCaracciolo, Graciela, _917117 |
| 700 | 1 | 2 |
_aCheila Valera _ecoordinadora _917118 _4co. |
| 710 | 2 |
_aFacultad Latinoamericana de Ciencias Sociales _9294 |
|
| 910 | _aValidado. Control de calidad MFF | ||
| 942 |
_2ddc _cLBS1 |
||
| 999 |
_c5874 _d5874 |
||